000 00200nam a22001217a 4500
040 _c641
082 _a852
100 _aNA
245 _aAncona
260 _aNA
_bNA
_cNA
300 _aNA
942 _cEK
999 _c9254
_d9254